Ils ont gagné un télécrochet - Mort Subite - Statistiques

Statistiques générales
  • Ce quiz a été pris 244 fois
  • Le résultat moyen est 6 sur 19
Answers on the Grid
Answers color-coded by a green-red scale on the quiz's grid according to % correct below.
2be3
Alliage
Amandine Bourgeois
Amel Bent
Amir
Arcadian
Aurelia Konaté
Camélia Jordana
Camille Lellouche
Camille Lou
Christophe Willem
Claudio Capéo
Elodie Frégé
Emma Daumas
Gregory Lemarchal
Helena Bailly
Jenifer
Julien Doré
Karima Charni
Kendji Girac
L5
Lilian Renaud
Linkup
Louane
Louis Delort
Lucie Bernardoni
Maëlle
MB14
Miss Dominique
Myriam Abel
Nolwenn Leroy
Olivia Ruiz
Pierre Garnier
Quentin Mosimann
Sheryfa Luna
Slimane
Sofia Essaidi
SOR4
Stéphane Rizon
Yseult
 
Statistiques - réponses
Réponse % Correct
Jenifer
63%
Gregory Lemarchal
51%
Pierre Garnier
48%
Christophe Willem
41%
Elodie Frégé
40%
Kendji Girac
40%
Nolwenn Leroy
39%
Amandine Bourgeois
34%
Julien Doré
34%
Slimane
33%
L5
31%
Maëlle
28%
Quentin Mosimann
25%
Lilian Renaud
23%
Linkup
17%
Sheryfa Luna
11%
Myriam Abel
10%
SOR4
10%
Stéphane Rizon
10%
Aucun quiz correspondant
Distribution des résultats
% des personnes avec chaque résultat
Percentile par nombre de réponses
Votre historique - résultats
Vous n’avez pas pris ce quiz